[Event "HUN Team League Ch. Csongrad Region"]
[Site "Csongrád County"]
[Date "2016.04.24"]
[Round "9.1"]
[White "Mokcsay, Robert"]
[Black "Tornyai, Jeno"]
[Result "1-0"]
[WhiteElo "2272"]
[BlackElo "1949"]
[PlyCount "77"]
[EventDate "2015.09.20"]

1. c4 e6 2. g3 d5 3. Bg2 Nf6 4. e3 dxc4 5. Qa4+ Nbd7 6. Ne2 a6 7. Qxc4 b5 8.
Qc2 Rb8 9. Nd4 Bb7 10. Nc6 Bxc6 11. Bxc6 Rb6 12. d4 Bb4+ 13. Bd2 Bxd2+ 14. Nxd2
O-O 15. Rc1 Nb8 16. Bg2 Nd5 17. O-O Rc6 18. Qb3 Rxc1 19. Rxc1 c6 20. Nf3 Qd6
21. a3 Rc8 22. Qc2 Nd7 23. Ng5 N7f6 24. e4 h6 25. exd5 hxg5 26. dxc6 Nd5 27.
Qc5 Qd8 28. Bxd5 Qxd5 29. Qb6 Qd6 30. Qxa6 Qb8 31. Rc5 Qc7 32. Qxb5 Rb8 33. Qa5
Qd6 34. Qc3 f6 35. b4 Kf7 36. b5 Qc7 37. a4 Ra8 38. Qb4 Rb8 39. a5 1-0

[Event "HUN Team League Ch. Csongrad Region"]
[Site "Csongrád County"]
[Date "2016.04.24"]
[Round "9.1"]
[White "Vanya, Janos"]
[Black "Kelemen, Imre"]
[Result "0-1"]
[WhiteElo "1924"]
[BlackElo "2099"]
[PlyCount "52"]
[EventDate "2015.09.20"]

1. d4 Nf6 2. c4 c5 3. d5 b5 4. cxb5 a6 5. bxa6 Bxa6 6. Nc3 g6 7. g3 Bg7 8. Bg2
d6 9. Nf3 O-O 10. O-O Nbd7 11. Re1 Qa5 12. e4 Rfb8 13. Qc2 Ra7 14. Rb1 Ng4 15.
Bd2 Nge5 16. Nxe5 Nxe5 17. Re3 Nc4 18. Ree1 Rab7 19. b4 cxb4 20. Nd1 Na3 21.
Qc1 Nxb1 22. Qxb1 Bc4 23. a3 Qxa3 24. Ne3 Bd3 25. Qd1 b3 26. Qg4 b2 0-1

[Event "HUN Team League Ch. Csongrad Region"]
[Site "Csongrád County"]
[Date "2016.04.24"]
[Round "9.1"]
[White "Miko, Valer"]
[Black "Balogh, Ferenc"]
[Result "1-0"]
[WhiteElo "2084"]
[BlackElo "1904"]
[PlyCount "61"]
[EventDate "2015.09.20"]

1. e4 e6 2. d4 d5 3. Nc3 Nf6 4. Bg5 Be7 5. e5 Nfd7 6. h4 Bxg5 7. hxg5 Qxg5 8.
Nh3 Qe7 9. Nf4 Nc6 10. Nb5 Nb6 11. Qg4 g6 12. O-O-O a6 13. Nc3 Bd7 14. Rh6
O-O-O 15. Qh3 f5 16. Nxg6 hxg6 17. Rxh8 Qg5+ 18. Kb1 Qf4 19. Qh4 Qxh4 20. Rxh4
g5 21. Rh6 Rg8 22. Ne2 Nd8 23. Ng3 Be8 24. Be2 c5 25. c3 Nd7 26. Bh5 Bxh5 27.
Nxh5 cxd4 28. cxd4 Nf8 29. Nf6 Rg7 30. Rh8 Rf7 31. Ne8 1-0

[Event "HUN Team League Ch. Csongrad Region"]
[Site "Csongrád County"]
[Date "2016.04.24"]
[Round "9.1"]
[White "Farkas, Janos"]
[Black "Balla, Tibor"]
[Result "0-1"]
[WhiteElo "1857"]
[BlackElo "2044"]
[PlyCount "126"]
[EventDate "2015.09.20"]

1. e4 d6 2. d4 Nf6 3. Bd3 e5 4. dxe5 dxe5 5. Nf3 Nc6 6. h3 h6 7. O-O Bc5 8.
Nbd2 O-O 9. Nb3 Bb6 10. a4 a6 11. Bd2 Re8 12. Qe2 Nh5 13. Be3 Bxe3 14. Qxe3 b6
15. Bc4 Rb8 16. Bd5 Nb4 17. Rad1 Qf6 18. c3 Nxd5 19. exd5 Bb7 20. Rfe1 Qd6 21.
c4 a5 22. Nbd2 f6 23. Ne4 Qf8 24. g3 f5 25. Nc3 f4 26. gxf4 exf4 27. Qd4 Rxe1+
28. Rxe1 Qf5 29. Kh2 Rf8 30. Re5 Qf7 31. Qe4 Bc8 32. Nh4 Ng3 33. Qg6 Nf1+ 34.
Kg2 Nd2 35. Qxf7+ Kxf7 36. b3 Kf6 37. Re1 g5 38. Nf3 Nxb3 39. Nb5 Rf7 40. Re8
Bd7 41. Rh8 Kg7 42. Rd8 Bxb5 43. axb5 Re7 44. d6 cxd6 45. Rxd6 Rb7 46. Ne5 a4
47. Nc6 a3 48. Nb4 Na5 49. Rd3 Nxc4 50. Rc3 Rc7 51. Rb3 Rc5 52. Na2 Kf6 53. Nc3
Kf5 54. f3 Ne3+ 55. Kh2 Nc2 56. Na2 Rc4 57. Kg1 Kg6 58. Kh2 Kh5 59. Kg1 Kh4 60.
Kh2 Nd4 61. Rxa3 Rc2+ 62. Kg1 Kg3 63. Kf1 Nxf3 0-1

[Event "HUN Team League Ch. Csongrad Region"]
[Site "Csongrád County"]
[Date "2016.04.24"]
[Round "9.1"]
[White "Tanacs, Anna"]
[Black "Bodo, Imre"]
[Result "0-1"]
[WhiteElo "2045"]
[BlackElo "1767"]
[PlyCount "92"]
[EventDate "2015.09.20"]

1. d4 d5 2. Nf3 Bf5 3. g3 e6 4. Bg2 Nf6 5. O-O c5 6. c4 Nc6 7. cxd5 Nxd5 8. Nc3
Nf6 9. Qa4 Qa5 10. dxc5 Bxc5 11. Qf4 Qb4 12. Ne5 Nxe5 13. Qxe5 O-O 14. a3 Qb6
15. h3 Nd7 16. Qf4 Bd6 17. Qf3 Rab8 18. g4 Bg6 19. Rd1 Rfd8 20. Be3 Qa6 21. Bg5
Ne5 22. Qe3 Nc4 23. Qc1 f6 24. Be3 Rbc8 25. b3 Na5 26. Qb2 Be5 27. Rxd8+ Rxd8
28. f4 Bd4 29. Bxd4 Rxd4 30. e3 Rd6 31. f5 Bf7 32. Bf1 Qb6 33. Qf2 exf5 34.
gxf5 Qxb3 35. Nb5 Rd8 36. Nd4 Qc3 37. Rb1 Re8 38. Re1 a6 39. a4 Nc4 40. Bxc4
Bxc4 41. Qg3 b5 42. axb5 axb5 43. Ne6 Bxe6 44. fxe6 Qe5 45. Qxe5 fxe5 46. Rb1
Rb8 0-1

[Event "HUN Team League Ch. Csongrad Region"]
[Site "Csongrád County"]
[Date "2016.04.24"]
[Round "9.1"]
[White "Pluhar, Andras"]
[Black "Farkas, Sandor"]
[Result "0-1"]
[WhiteElo "1794"]
[BlackElo "1854"]
[PlyCount "120"]
[EventDate "2015.09.20"]

1. e4 e6 2. d4 d5 3. exd5 exd5 4. Bd3 Bd6 5. Nf3 Bg4 6. Qe2+ Ne7 7. O-O Nbc6 8.
c3 Qd7 9. a4 O-O-O 10. Be3 Rhe8 11. Qd1 Nf5 12. Re1 Re7 13. Bxf5 Qxf5 14. Nbd2
Qh5 15. Nf1 Re6 16. Ng3 Qg6 17. Nh4 Bxd1 18. Nxg6 hxg6 19. Raxd1 Rde8 20. Bd2
Na5 21. Kf1 Nb3 22. Rxe6 Rxe6 23. f3 Kd7 24. Kf2 Bxg3+ 25. hxg3 Ra6 26. Ke3
Rxa4 27. Be1 Ra2 28. Rb1 Na5 29. Kd3 Nc4 30. Kc2 Ra6 31. Bd2 Rf6 32. Bc1 Re6
33. Kd1 Re8 34. b3 Nd6 35. Bf4 Nb5 36. Kd2 f6 37. Kd3 g5 38. Be3 Nxc3 39. Rh1
Nb5 40. Rh7 Re7 41. f4 g4 42. f5 Nd6 43. Rh5 Ke8 44. Bd2 Ne4 45. Bb4 Rf7 46.
Be1 b6 47. b4 Re7 48. Rh8+ Kd7 49. Ra8 Nd6 50. Bd2 Nc8 51. b5 Nd6 52. Bb4 Re8
53. Rxa7 Nxb5 54. Ra1 Re4 55. Bf8 Rxd4+ 56. Ke3 Re4+ 57. Kd3 c5 58. Bxg7 c4+
59. Kc2 Re2+ 60. Kd1 Rxg2 0-1

[Event "HUN Team League Ch. Csongrad Region"]
[Site "Csongrád County"]
[Date "2016.04.24"]
[Round "9.1"]
[White "Fabian, Istvan"]
[Black "Gyemant, Karoly"]
[Result "0-1"]
[WhiteElo "1748"]
[BlackElo "1603"]
[PlyCount "59"]
[EventDate "2015.09.20"]

1. c4 e6 2. Nc3 d5 3. d4 c6 4. e3 f5 5. Bd3 Nf6 6. Qc2 Be7 7. f3 O-O 8. Bd2
dxc4 9. Bxc4 Nd5 10. Nxd5 cxd5 11. Bd3 Nc6 12. a3 a5 13. Ne2 Bd7 14. Rc1 a4 15.
Nc3 Na5 16. Nxa4 Bxa4 17. Qxa4 Nc4 18. Qb5 Nxd2 19. Kxd2 f4 20. Rc2 fxe3+ 21.
Kxe3 Bg5+ 22. Ke2 Qf6 23. Rd1 Kh8 24. Qd7 Qxd4 25. Kf1 e5 26. Be2 Qh4 27. Rc7
Bh6 28. Qxd5 Qxh2 29. Qe4 Bf4 30. Qd5 0-1

[Event "HUN Team League Ch. Csongrad Region"]
[Site "Csongrád County"]
[Date "2016.04.24"]
[Round "9.1"]
[White "Koszta, Benedek"]
[Black "Papp, Bence"]
[Result "1/2-1/2"]
[WhiteElo "1680"]
[BlackElo "1660"]
[PlyCount "89"]
[EventDate "2015.09.20"]

1. e4 e6 2. d4 d5 3. Nc3 Nf6 4. e5 Nfd7 5. f4 c5 6. Nf3 a6 7. Be3 Nc6 8. Be2 b5
9. a3 Qb6 10. O-O cxd4 11. Bf2 Bc5 12. Na2 a5 13. b4 axb4 14. axb4 Nxb4 15.
Nxb4 Rxa1 16. Qxa1 Bxb4 17. Nxd4 Bc5 18. Nxb5 Bxf2+ 19. Rxf2 O-O 20. Qd4 Qa5
21. Qc3 Qxc3 22. Nxc3 Nc5 23. Bd3 Ba6 24. Rd2 Rc8 25. Ne2 g6 26. Kf2 Kg7 27.
Ke3 Bb7 28. Nd4 Nxd3 29. cxd3 Rc3 30. Ne2 Ra3 31. Kf2 Ba6 32. d4 Bxe2 33. Kxe2
h5 34. g3 h4 35. Kf2 hxg3+ 36. hxg3 g5 37. Rd1 f6 38. Rb1 fxe5 39. Rb7+ Kf6 40.
dxe5+ Kf5 41. Rf7+ Kg4 42. Rf6 gxf4 43. Rxf4+ Kg5 44. Rf6 Ra6 45. Kf3 1/2-1/2

[Event "HUN Team League Ch. Csongrad Region"]
[Site "Csongrád County"]
[Date "2016.04.24"]
[Round "9.2"]
[White "Kurucsai, Andras"]
[Black "Linczer, Janos"]
[Result "0-1"]
[WhiteElo "1735"]
[BlackElo "2117"]
[PlyCount "116"]
[EventDate "2015.09.20"]

1. d4 d5 2. c4 e6 3. Nc3 Nf6 4. Bg5 Be7 5. Nf3 O-O 6. e3 Nbd7 7. Be2 dxc4 8.
O-O Nb6 9. Ne5 Nfd5 10. Bxe7 Qxe7 11. Nxc4 Bd7 12. Na5 Rab8 13. Rc1 c6 14. Ne4
e5 15. Nc5 Bc8 16. Bf3 exd4 17. e4 Nf4 18. Qxd4 Qg5 19. Kh1 Ne6 20. Qd6 Qf4 21.
e5 Nxc5 22. Qxc5 Be6 23. Qc3 Nd5 24. Bxd5 Bxd5 25. Rce1 Rfe8 26. Re3 Re6 27.
Kg1 Rh6 28. Rg3 Re6 29. Re3 b6 30. Nb3 Qg5 31. g3 Rbe8 32. f4 Qh5 33. Nd4 Rh6
34. Qc2 Qh3 35. Rf2 Qg4 36. Nf5 Rg6 37. Ra3 a5 38. Rc3 h5 39. Ne3 Qd7 40. Rd2
h4 41. Nxd5 cxd5 42. Qd1 Qf5 43. Rf2 hxg3 44. Rxg3 Rxg3+ 45. hxg3 Qe4 46. Qc2
Qe3 47. Kg2 Qc5 48. Qd3 d4 49. Rd2 Rd8 50. Kf3 Qd5+ 51. Qe4 Qc4 52. f5 Qf1+ 53.
Kg4 d3 54. Qe3 g6 55. fxg6 fxg6 56. Kh4 Qh1+ 57. Kg4 Qh5+ 58. Kf4 Qf5# 0-1

[Event "HUN Team League Ch. Csongrad Region"]
[Site "Csongrád County"]
[Date "2016.04.24"]
[Round "9.2"]
[White "Tenk, Zoltan"]
[Black "Nagy, Zoltan"]
[Result "1/2-1/2"]
[WhiteElo "1934"]
[BlackElo "1683"]
[PlyCount "114"]
[EventDate "2015.09.20"]

1. e4 e5 2. Nf3 Nc6 3. d4 exd4 4. Bc4 h6 5. c3 dxc3 6. Qb3 Qf6 7. Nxc3 Bb4 8.
O-O Bxc3 9. bxc3 Nge7 10. e5 Qg6 11. Ba3 O-O 12. Rad1 Rd8 13. Bxe7 Nxe7 14.
Bxf7+ Qxf7 15. e6 Qf6 16. exd7+ Kh8 17. dxc8=Q Raxc8 18. Qxb7 Qxc3 19. Qxa7 Ra8
20. Rxd8+ Rxd8 21. h3 Ng6 22. Re1 Kh7 23. Qe3 Qxe3 24. Rxe3 Ra8 25. Rc3 Rxa2
26. Rxc7 Ra1+ 27. Kh2 Ra2 28. Kg3 Re2 29. h4 Re4 30. Rd7 Nf4 31. Kh2 Ng6 32. g3
Ne5 33. Nxe5 Rxe5 34. g4 Re2 35. Kg3 Re1 36. h5 Rg1+ 37. Kf4 Rg2 38. f3 Rf2 39.
Rd3 Rg2 40. Kf5 Rb2 41. Re3 Rb6 42. Re6 Rb3 43. f4 Rf3 44. Re7 Rf2 45. Re1 Rf3
46. Re6 Rf2 47. Rg6 Rh2 48. Ke6 Rb2 49. g5 hxg5 50. Rxg5 Rb6+ 51. Kf5 Rf6+ 52.
Kg4 Rc6 53. Re5 Rc1 54. Rg5 Kh6 55. Rg6+ Kh7 56. f5 Rg1+ 57. Kf4 Rf1+ 1/2-1/2

[Event "HUN Team League Ch. Csongrad Region"]
[Site "Csongrád County"]
[Date "2016.04.24"]
[Round "9.2"]
[White "Papp, Zoltan"]
[Black "Ohat, Imre"]
[Result "0-1"]
[WhiteElo "1858"]
[BlackElo "1943"]
[PlyCount "90"]
[EventDate "2015.09.20"]

1. d4 Nf6 2. f4 g6 3. Nf3 Bg7 4. e3 d6 5. Bd3 O-O 6. O-O c5 7. c3 b6 8. Bd2 Ba6
9. Be1 Qc7 10. Bh4 Bxd3 11. Qxd3 Nbd7 12. Nbd2 a6 13. Rae1 b5 14. e4 Rac8 15.
d5 c4 16. Qe2 Nc5 17. Bxf6 Bxf6 18. Nd4 Nd3 19. Rb1 Qc5 20. Qe3 e6 21. dxe6
fxe6 22. Nc2 e5 23. Qxc5 Rxc5 24. f5 gxf5 25. Rxf5 Rcc8 26. Ne3 Bg7 27. Nd5
Rce8 28. g4 Rxf5 29. gxf5 Kf7 30. Nf3 Bh6 31. b3 Rg8+ 32. Kf1 cxb3 33. axb3 Nc5
34. c4 Nxe4 35. cxb5 axb5 36. Ra1 Rf8 37. Ke2 Kg8 38. Ra5 Kh8 39. f6 b4 40.
Nxb4 Nxf6 41. Ra6 e4 42. Nd4 Ng4 43. Ne6 Rf2+ 44. Ke1 Bd2+ 45. Kd1 Ne3# 0-1

[Event "HUN Team League Ch. Csongrad Region"]
[Site "Csongrád County"]
[Date "2016.04.24"]
[Round "9.2"]
[White "Vidakovics, Istvan"]
[Black "Heintz, Sebestyen"]
[Result "1-0"]
[WhiteElo "2009"]
[BlackElo "1698"]
[PlyCount "85"]
[EventDate "2015.09.20"]

1. d4 d5 2. Nf3 Nf6 3. g3 g6 4. Bg2 Bg7 5. Bf4 O-O 6. O-O c6 7. a4 Qb6 8. Qc1
Bf5 9. a5 Qa6 10. Re1 Nbd7 11. Bf1 b5 12. Nh4 Be6 13. Bh6 Ng4 14. Bxg7 Kxg7 15.
b4 Nh6 16. Nd2 Nf6 17. Nb3 Qc8 18. f3 Nf5 19. Ng2 h5 20. Nf4 Bd7 21. e4 dxe4
22. fxe4 Nxd4 23. Nxd4 e5 24. Qb2 exf4 25. e5 fxg3 26. exf6+ Kh7 27. hxg3 Qc7
28. Kh2 h4 29. Ra3 Rh8 30. Qc3 Kg8 31. Kg1 Qd6 32. Ne2 h3 33. Qd4 Qe6 34. Re3
Qf5 35. Re5 Qf3 36. Kh2 Be6 37. Nf4 Rf8 38. Be2 Qa3 39. Nxe6 fxe6 40. Rxe6 Qa2
41. f7+ Kxf7 42. Qf6+ Kg8 43. Qxg6# 1-0

[Event "HUN Team League Ch. Csongrad Region"]
[Site "Csongrád County"]
[Date "2016.04.24"]
[Round "9.2"]
[White "Kohalmi, Laszlo"]
[Black "Berczi, Peter"]
[Result "0-1"]
[WhiteElo "1571"]
[BlackElo "1825"]
[PlyCount "80"]
[EventDate "2015.09.20"]

1. Nf3 c5 2. c4 d6 3. g3 g6 4. Bg2 Bg7 5. Nc3 Nc6 6. a3 e6 7. O-O Nge7 8. e3
O-O 9. d4 cxd4 10. Nxd4 a6 11. Nxc6 bxc6 12. Rb1 a5 13. Qc2 Ba6 14. b3 Qc7 15.
Ne2 e5 16. Rd1 f5 17. Bb2 g5 18. Rd2 Ng6 19. Rbd1 Rad8 20. b4 axb4 21. axb4 f4
22. exf4 gxf4 23. Bh1 f3 24. Nc1 Bh6 25. Rd3 d5 26. b5 cxb5 27. Rxf3 dxc4 28.
Rxf8+ Bxf8 29. Rxd8 Qxd8 30. Bf3 b4 31. Qf5 Qd6 32. Qc2 Qc5 33. Be4 Kg7 34. Ne2
Qb5 35. Kf1 c3 36. Bc1 b3 37. Qd1 Bc5 38. Bxg6 Kxg6 39. Kg2 b2 40. Nxc3 Qf1+
0-1

[Event "HUN Team League Ch. Csongrad Region"]
[Site "Csongrád County"]
[Date "2016.04.24"]
[Round "9.2"]
[White "Volford, Istvan"]
[Black "Komocsin, Kont"]
[Result "1/2-1/2"]
[WhiteElo "1776"]
[BlackElo "1563"]
[PlyCount "87"]
[EventDate "2015.09.20"]

1. e4 c5 2. Nc3 Nc6 3. g3 d6 4. Bg2 Nf6 5. f4 Bg4 6. Bf3 h5 7. h3 Bxf3 8. Nxf3
e5 9. d3 Be7 10. Be3 a6 11. a3 Qc7 12. Ne2 b5 13. c3 d5 14. fxe5 Nxe5 15. Nxe5
Qxe5 16. Bf4 Qe6 17. e5 Nd7 18. d4 c4 19. Qc2 Nf8 20. O-O-O a5 21. Rdf1 b4 22.
Qa4+ Qd7 23. Qxd7+ Nxd7 24. axb4 axb4 25. cxb4 Bxb4 26. Bd2 Rb8 27. Bxb4 Rxb4
28. Nc3 Nb6 29. Rf2 Ke7 30. Rhf1 Rf8 31. Rf5 Ke6 32. Rxh5 Na4 33. Nxa4 Rxa4 34.
Rhf5 f6 35. g4 Ra1+ 36. Kc2 Rxf1 37. Rxf1 f5 38. Kd2 f4 39. h4 g6 40. Ke2 Ke7
41. Kf3 Rb8 42. Rf2 Rb3+ 43. Kxf4 Rd3 44. Kg5 1/2-1/2

[Event "HUN Team League Ch. Csongrad Region"]
[Site "Csongrád County"]
[Date "2016.04.24"]
[Round "9.2"]
[White "Magony, Milan"]
[Black "Boa, Bence"]
[Result "0-1"]
[WhiteElo "1274"]
[BlackElo "1735"]
[PlyCount "80"]
[EventDate "2015.09.20"]

1. b4 d5 2. Bb2 Nf6 3. e3 Bg4 4. Nf3 e6 5. b5 Nbd7 6. Be2 c6 7. a4 Bd6 8. d4
O-O 9. Nbd2 Rc8 10. h3 Bh5 11. c4 Bb4 12. O-O Bxd2 13. Nxd2 Bg6 14. Ba3 Re8 15.
Nb3 cxb5 16. axb5 dxc4 17. Nc5 Nxc5 18. Bxc5 b6 19. Bb4 Nd5 20. Ba3 Nc3 21. Qd2
Nxe2+ 22. Kh1 Qd5 23. Rfe1 Bd3 24. Rxe2 Bxe2 25. Qxe2 Qxb5 26. Rc1 Qd5 27. Bb4
b5 28. Bc3 Rb8 29. Rb1 Rec8 30. Qa2 Rb7 31. Rb4 Ra8 32. Qa5 Qc6 33. Rb2 Qb6 34.
Qb4 a5 35. Qc5 Qxc5 36. dxc5 b4 37. c6 Rc7 38. Be1 Rxc6 39. Ra2 c3 40. Ra1 h6
0-1

[Event "HUN Team League Ch. Csongrad Region"]
[Site "Csongrád County"]
[Date "2016.04.24"]
[Round "9.2"]
[White "Szajbely, Samuel Janos"]
[Black "Nagy, Gyula"]
[Result "1-0"]
[WhiteElo "1615"]
[BlackElo "1555"]
[PlyCount "63"]
[EventDate "2015.09.20"]

1. e4 e6 2. d4 d5 3. exd5 exd5 4. c4 Nc6 5. Nc3 Bb4 6. Nf3 Bg4 7. Be2 Nf6 8. a3
Bxc3+ 9. bxc3 Ne4 10. Qb3 Na5 11. Qb4 c6 12. cxd5 Qxd5 13. c4 Qf5 14. Be3 b6
15. h3 Bxf3 16. Bxf3 O-O-O 17. Bg4 Qd7 18. Bxd7+ Rxd7 19. O-O g5 20. c5 Nb7 21.
cxb6 Rd5 22. bxa7 Kc7 23. Qe7+ Rd7 24. Qxe4 Rd5 25. Qe7+ Rd7 26. Qe5+ Kb6 27.
d5+ c5 28. Qxh8 Kxa7 29. Rab1 Rc7 30. d6 Nxd6 31. Qb8+ Ka6 32. Qb6# 1-0

[Event "HUN Team League Ch. Csongrad Region"]
[Site "Csongrád County"]
[Date "2016.04.24"]
[Round "9.3"]
[White "Oravecz, Matyas"]
[Black "Adok, Janos"]
[Result "0-1"]
[WhiteElo "1721"]
[BlackElo "2241"]
[PlyCount "72"]
[EventDate "2015.09.20"]

1. b3 d5 2. Bb2 c5 3. e3 Nc6 4. Nf3 Bg4 5. Be2 Nf6 6. O-O e6 7. d4 Bd6 8. dxc5
Bxc5 9. c4 dxc4 10. Bxc4 O-O 11. Qxd8 Rfxd8 12. Bxf6 gxf6 13. Nc3 Kg7 14. Rad1
Bb4 15. Ne2 Rac8 16. Nfd4 Nxd4 17. Rxd4 Rxd4 18. Nxd4 e5 19. Nc2 Ba5 20. f3 Be6
21. Bxe6 fxe6 22. Rf2 Bb6 23. Rd2 f5 24. Kf2 Rc3 25. Ke2 Kf6 26. f4 e4 27. Nd4
a6 28. Nc2 Ke7 29. Nd4 h5 30. Nc2 h4 31. Nd4 Bc5 32. g3 h3 33. Nc2 Bb6 34. Nd4
Rc1 35. Rc2 Rh1 36. Kf2 Bxd4 0-1

[Event "HUN Team League Ch. Csongrad Region"]
[Site "Csongrád County"]
[Date "2016.04.24"]
[Round "9.3"]
[White "Botka, Peter"]
[Black "Filep, Miklos Jr"]
[Result "1/2-1/2"]
[WhiteElo "2110"]
[BlackElo "1743"]
[PlyCount "113"]
[EventDate "2015.09.20"]

1. d4 f5 2. c4 Nf6 3. Nc3 e6 4. g3 c6 5. Bg2 d5 6. b3 Nbd7 7. Nf3 Bb4 8. Bd2
Qa5 9. Nb1 Ne4 10. O-O O-O 11. Bxb4 Qxb4 12. a3 Qb6 13. Qd3 Qc7 14. Nfd2 Ndf6
15. f3 Ng5 16. Nc3 Bd7 17. e4 f4 18. e5 Ne8 19. h4 Nf7 20. g4 c5 21. cxd5 cxd4
22. dxe6 Bxe6 23. Nb5 Qxe5 24. Rfe1 Qf6 25. g5 Qf5 26. Qxf5 Bxf5 27. Nxd4 Rd8
28. Nxf5 Rxd2 29. Bf1 Ned6 30. Ne7+ Kh8 31. g6 Nd8 32. Rad1 Rxd1 33. Rxd1 Rf6
34. h5 hxg6 35. hxg6 Nc6 36. Nd5 Rxg6+ 37. Kf2 Ne5 38. Be2 b6 39. Nxf4 Rf6 40.
Ke3 Nf5+ 41. Ke4 Nf7 42. Bc4 Ng5+ 43. Kd3 Nxf3 44. Rh1+ Nh6 45. Nd5 Rd6 46. Ke4
Nd2+ 47. Ke5 Nxc4+ 48. bxc4 Rc6 49. Rh4 Rc5 50. Ke6 Kh7 51. Ne7 g5 52. Rd4 g4
53. Rd7 a5 54. Rb7 Rxc4 55. Nc6+ Kh8 56. Rb8+ Kg7 57. Rb7+ 1/2-1/2

[Event "HUN Team League Ch. Csongrad Region"]
[Site "Csongrád County"]
[Date "2016.04.24"]
[Round "9.3"]
[White "Molnar, Jeno"]
[Black "Borsi, Imre"]
[Result "0-1"]
[WhiteElo "1686"]
[BlackElo "2065"]
[PlyCount "58"]
[EventDate "2015.09.20"]

1. e4 c5 2. c3 Nf6 3. e5 Nd5 4. d4 cxd4 5. cxd4 e6 6. Nc3 Nxc3 7. bxc3 d5 8.
Nf3 Nc6 9. Bd3 Be7 10. O-O a6 11. a4 Na5 12. Ba3 Bxa3 13. Rxa3 Bd7 14. Nd2 Rc8
15. f4 Qe7 16. Qc1 g6 17. Qb2 O-O 18. Nb3 Rxc3 19. Nc5 Rxa3 20. Nxd7 Rxd3 21.
Nxf8 Qxf8 22. Qb6 Nc6 23. Qxb7 Nxd4 24. Qxa6 Rd2 25. Rb1 Ne2+ 26. Kf1 Nc3 27.
Rb7 Qc5 28. Qa8+ Kg7 29. Qa7 Rd1# 0-1

[Event "HUN Team League Ch. Csongrad Region"]
[Site "Csongrád County"]
[Date "2016.04.24"]
[Round "9.3"]
[White "Abraham, Zoltan"]
[Black "Toth, Sandor Sr"]
[Result "1-0"]
[WhiteElo "1914"]
[BlackElo "1796"]
[PlyCount "107"]
[EventDate "2015.09.20"]

1. d4 d5 2. Nf3 e6 3. Bf4 Bd6 4. Ne5 Nd7 5. e3 Nxe5 6. dxe5 Bc5 7. c3 Ne7 8.
Bg5 h6 9. Bh4 Qd7 10. a4 a6 11. Bd3 Nc6 12. Bg3 O-O 13. Bf4 f6 14. Qh5 Nxe5 15.
Bxe5 fxe5 16. Qxe5 Bd6 17. Qh5 Qf7 18. Qe2 c5 19. Nd2 e5 20. f3 c4 21. Bc2 Bd7
22. e4 Bc6 23. exd5 Bxd5 24. Ne4 Be7 25. Rd1 b5 26. Bb1 bxa4 27. Qc2 Bxe4 28.
Qxe4 g5 29. Rd7 Rfd8 30. Rc7 Rdc8 31. Ke2 Rab8 32. Rxc8+ Rxc8 33. Rd1 Bf6 34.
Ba2 Kg7 35. Qf5 Rc7 36. Rd6 Rb7 37. Ke3 Qe7 38. Rd5 a3 39. bxa3 Qxa3 40. Rd7+
Rxd7 41. Qxd7+ Be7 42. Ke4 Qc5 43. Qe6 Bf6 44. Bxc4 Qf8 45. Qxa6 Kg6 46. Qe6
Qg7 47. Qf5+ Kh5 48. Bd3 Qb7+ 49. Ke3 Qa7+ 50. Ke2 Qa2+ 51. Kf1 Qa1+ 52. Kf2
Qa2+ 53. Kg3 e4 54. Kh3 1-0

[Event "HUN Team League Ch. Csongrad Region"]
[Site "Csongrád County"]
[Date "2016.04.24"]
[Round "9.3"]
[White "Filep, Miklos Sr"]
[Black "Buzas, Andras"]
[Result "0-1"]
[WhiteElo "1575"]
[BlackElo "1775"]
[PlyCount "88"]
[EventDate "2015.09.20"]

1. f4 c5 2. b3 Nf6 3. Bb2 e6 4. Nf3 Be7 5. e3 O-O 6. Nc3 a6 7. Ne2 b5 8. Ng3
Bb7 9. Be2 Nc6 10. O-O d5 11. Ne5 d4 12. Bf3 Qb6 13. Nxc6 Bxc6 14. Bxc6 Qxc6
15. exd4 Rfd8 16. dxc5 Bxc5+ 17. Kh1 Nd5 18. Ne4 Ne3 19. Qf3 Nd5 20. Nxc5 Qxc5
21. c3 Rac8 22. Qf2 Qc7 23. Rac1 Qd7 24. Qd4 Qe7 25. Qf2 Qf6 26. d4 Qf5 27. Qf3
h5 28. Ba3 Nb6 29. Rfe1 Nd5 30. g3 g6 31. Re5 Qf6 32. Bc5 Rd7 33. Qe2 Kh7 34.
c4 Nc7 35. Qe3 Ne8 36. cxb5 axb5 37. Ba3 Qd8 38. Rxc8 Qxc8 39. Rc5 Qa8+ 40. Kg1
Qxa3 41. Rxb5 Qxa2 42. Qd3 Qa1+ 43. Kg2 Nf6 44. Rb4 Qa2+ 0-1

[Event "HUN Team League Ch. Csongrad Region"]
[Site "Csongrád County"]
[Date "2016.04.24"]
[Round "9.3"]
[White "Bene, Zoltan"]
[Black "Nagy, Dominik Noel"]
[Result "1-0"]
[WhiteElo "1733"]
[BlackElo "1425"]
[PlyCount "59"]
[EventDate "2015.09.20"]

1. e4 c5 2. Nf3 d6 3. d4 Nc6 4. dxc5 dxc5 5. Qxd8+ Nxd8 6. Ne5 Nf6 7. Nc3 g6 8.
Bg5 Bg7 9. Bb5+ Bd7 10. Bxf6 Bxf6 11. Bxd7+ Kf8 12. f4 g5 13. Nd5 Bxe5 14. fxe5
e6 15. Nc7 Rb8 16. O-O b6 17. Nxe6+ Ke7 18. Nxd8 Rhxd8 19. Bc6 h6 20. Bd5 Rf8
21. Rf6 h5 22. Raf1 Rbd8 23. Rxf7+ Rxf7 24. Rxf7+ Ke8 25. e6 Rd6 26. Rxa7 h4
27. c4 g4 28. e5 Rd8 29. Bc6+ Kf8 30. e7+ 1-0

[Event "HUN Team League Ch. Csongrad Region"]
[Site "Csongrád County"]
[Date "2016.04.24"]
[Round "9.4"]
[White "Kiss, Balazs Janos"]
[Black "Hajdu, Istvan"]
[Result "1/2-1/2"]
[WhiteElo "1962"]
[BlackElo "2019"]
[PlyCount "50"]
[EventDate "2015.09.20"]

1. d4 d5 2. Bf4 e6 3. e3 c5 4. c3 Nc6 5. Nf3 Bd6 6. Bg3 a6 7. Nbd2 f5 8. Bd3
Nf6 9. O-O Ne4 10. Nh4 O-O 11. Bxd6 Qxd6 12. f4 Bd7 13. Nhf3 Be8 14. Ne5 Nxe5
15. fxe5 Qb6 16. Bxe4 fxe4 17. Rxf8+ Kxf8 18. Qg4 Bf7 19. Rf1 cxd4 20. Qh5 Qc7
21. Qxh7 dxe3 22. Qh8+ Ke7 23. Qxg7 Rf8 24. Qg5+ Ke8 25. Qxe3 Qxe5 1/2-1/2

[Event "HUN Team League Ch. Csongrad Region"]
[Site "Csongrád County"]
[Date "2016.04.24"]
[Round "9.4"]
[White "Udvardi, Zalan"]
[Black "Csuri, Laszlo"]
[Result "1/2-1/2"]
[WhiteElo "2010"]
[BlackElo "2028"]
[PlyCount "45"]
[EventDate "2015.09.20"]

1. e4 Nc6 2. Nf3 d5 3. exd5 Qxd5 4. Nc3 Qa5 5. d4 Bg4 6. Be2 O-O-O 7. Be3 Nf6
8. O-O e5 9. Ng5 Be6 10. a3 exd4 11. b4 Qf5 12. Bd3 Qe5 13. Nf3 Qh5 14. b5 dxe3
15. bxc6 exf2+ 16. Kh1 Ng4 17. Qe2 Bd6 18. h3 Ne5 19. Ba6 Bxh3 20. Bxb7+ Kb8
21. Rab1 Bg4+ 22. Nh2 Bxe2 23. Ba6+ 1/2-1/2

[Event "HUN Team League Ch. Csongrad Region"]
[Site "Csongrád County"]
[Date "2016.04.24"]
[Round "9.4"]
[White "Nagy Dani, Karoly"]
[Black "Radics, Laszlo"]
[Result "0-1"]
[WhiteElo "1867"]
[BlackElo "1904"]
[PlyCount "104"]
[EventDate "2015.09.20"]

1. d4 f5 2. c4 Nf6 3. Nc3 e6 4. Nf3 d5 5. a3 a5 6. Bg5 Be7 7. e3 O-O 8. Ne5 Ne4
9. Bxe7 Qxe7 10. cxd5 Nxc3 11. bxc3 exd5 12. c4 Be6 13. Qf3 c6 14. c5 Nd7 15.
Nd3 b5 16. Be2 h6 17. Qg3 Ra7 18. O-O Kh8 19. f3 g5 20. Rac1 Bg8 21. Qf2 Re8
22. e4 fxe4 23. fxe4 dxe4 24. Ne5 Nxe5 25. dxe5 Qxe5 26. Qf6+ Qxf6 27. Rxf6 Bd5
28. Rxh6+ Rh7 29. Rd6 Re6 30. Rd8+ Kg7 31. Rf1 Rf6 32. Rd7+ Bf7 33. Rxf6 Kxf6
34. Rd6+ Ke5 35. Rxc6 Bc4 36. Bg4 Rf7 37. h3 e3 38. Rc8 Re7 39. Rd8 Rc7 40.
Re8+ Kd4 41. Bf3 Rxc5 42. Rd8+ Kc3 43. Re8 Kd2 44. Rd8+ Bd3 45. Be4 Rc1+ 46.
Kh2 Rc3 47. Bf3 Rxa3 48. Rd5 e2 49. Bxe2 Kxe2 50. Rxg5 b4 51. h4 b3 52. Re5+
Kd2 0-1

[Event "HUN Team League Ch. Csongrad Region"]
[Site "Csongrád County"]
[Date "2016.04.24"]
[Round "9.4"]
[White "Csipai, Levente"]
[Black "Ver, Imre"]
[Result "0-1"]
[WhiteElo "1866"]
[BlackElo "1823"]
[PlyCount "82"]
[EventDate "2015.09.20"]

1. d4 Nf6 2. c4 g6 3. Nc3 Bg7 4. e4 d6 5. f3 O-O 6. Be3 Na6 7. Qd2 c5 8. d5 e6
9. dxe6 Bxe6 10. Bh6 Qe7 11. Bxg7 Kxg7 12. O-O-O Rfd8 13. Bd3 Ne8 14. Nge2 Nac7
15. g4 Qf6 16. Rdf1 a6 17. h4 b5 18. Nd5 Bxd5 19. cxd5 Qe7 20. h5 g5 21. Ng3
Kh8 22. Nf5 Qf6 23. h6 c4 24. Bc2 c3 25. bxc3 b4 26. c4 Qa1+ 27. Bb1 Nb5 28.
Qxb4 Rac8 29. Ne3 Qe5 30. Bc2 Nd4 31. Kd2 Nf6 32. Qc3 Rc5 33. Bd3 Rb8 34. Rb1
Nxf3+ 35. Kc2 Nd4+ 36. Kd2 Rcc8 37. Qa1 Nxe4+ 38. Bxe4 Qxe4 39. Rbf1 Kg8 40.
Qc3 a5 41. Nf5 Rxc4 0-1